Histoire de la langue française : des origines a 1900 : tome I : de l'époque latine à la Renaissance /

Distinguido como profesor de lengua francesa en la Sorbona y como miembro de la Académie des Inscriptions et des Belles-lettres, el filólogo y lingüista francés Ferdinand Brunot (1860-1938) escribió entre 1905 y 1938 la que se considera su mayor obra, la Histoire de la langue française, publicada en...

Descripción completa

Guardado en:
Detalles Bibliográficos
Autor principal: Brunot, Ferdinand (autor)
Formato: Libro
Idioma:Francés
Publicado: París, Francia : Armand Colin, 1933, c1933
Edición:4a edición
Temas:
Etiquetas: Agrega una etiqueta
Sin etiquetas, Sé el primero en etiquetar este registro!

MARC

LEADER 00000nam^a2200000^a^4500
001 000385005
005 20250526000000.0
009 20260310120919.234
037 |a Acervo ITESO - Biblioteca 
041 |a FRA 
082 |a 447.  |b BRU V. 1 
100 |a Brunot, Ferdinand  |e (autor) 
240 1 1 |a [Histoire de la langue française] 
245 1 0 |a Histoire de la langue française :  |b des origines a 1900 : tome I : de l'époque latine à la Renaissance /  |c F. Brunot. 
250 |a 4a edición  |b revisada y aumentada 
264 4 |a París, Francia :  |b Armand Colin,  |c 1933, c1933 
300 |a XXXVIII, 597 p., 1 lámina ;  |c 25.0 cm. 
336 |a texto  |b txt  |2 rdacontenido 
337 |a sin mediación  |b n  |2 rdamedio 
338 |a volumen  |b nc  |2 rdasoporte 
501 |a Encuadernación particular 
520 |a Distinguido como profesor de lengua francesa en la Sorbona y como miembro de la Académie des Inscriptions et des Belles-lettres, el filólogo y lingüista francés Ferdinand Brunot (1860-1938) escribió entre 1905 y 1938 la que se considera su mayor obra, la Histoire de la langue française, publicada en 11 volúmenes, aunque los últimos dos de manera póstuma. En ella, el autor describe la evolución lingüística del francés, desde su origen hasta finales del siglo XIX, y cómo el idioma se fue conformando en sus cuestiones gramaticales, sintácticas, morfológicas, lexicológicas y fonéticas. Además, analiza la influencia del francés en el mundo occidental, cómo se configuró como lengua nacional de Francia, cómo se constituyeron instituciones especializadas y autorizadas para definir las reglas del idioma, y el papel que jugó la lengua en distintas áreas profesionales y en las tribulaciones históricas del país. 
562 |a Falta cubierta 
649 |a XX 
650 |a Latinismos -  |z Francia 
650 |a Dialecto -  |z Francia -  |x Historia 
650 |a Latín Vulgar -  |x Historia 
650 |a Latín en Francia -  |x Historia 
650 |a Francés en Francia -  |x Historia -  |y Período Antiguo, 753 a.C.-987 d.C. 
650 |a Francés en Francia -  |x Historia -  |y Edad Media, 987-1515 
650 |a Francés -  |x Historia -  |x Tema Principal 
650 |a Lenguas Itálicas -  |x Historia 
650 |a Lenguas Romances -  |x Historia 
650 |a Lenguas -  |z Francia -  |x Historia 
650 |a Vocabulario 
650 |a Sintaxis 
650 |a Fonética 
650 |a Morfología 
650 |a Lexicología 
650 |a Lingüística 
650 |a Francia -  |x Historia -  |y Período Antiguo, 753 a.C.-987 d.C. 
650 |a Francia -  |x Historia -  |y Edad Media, 987-1515 
910 |a Fondo General 
920 |a Impresos - Libros 
930 |a Libros Antiguos y Raros 
905 |a 108 
901 |a 0500279289  |b IT2  |c LRA  |u 20250526 
902 |a https://opac.biblio.iteso.mx/vufind/Record/000385005